00549nam a22001937a 450000500170000000800410001704000070005804100080006508200220007310000260009510000030012124500720012426000430019630000250023936500220026444000200028665000230030670000260032920221114093842.0221109b ||||| |||| 00| 0 eng d cAL aeng 223a328.542bLOKL aLok Sabha Secretariat  aLok sabha debates: bFifth session: Tenth lok sabha Vol 17 No 11-18 aNew DelhibLok Sabha Secretariatc1992 a1153p.bHBc23x15cm. 2Political Science nVol.17 No.11-18 aDebates Parliament aLOK SABHA SECRETARIAT